| 000 | 00741cam a2200241u 4500 | ||
|---|---|---|---|
| 999 |
_c1510 _d1510 |
||
| 001 | 13642 | ||
| 003 | BD-DhUAP | ||
| 005 | 20210121163709.0 | ||
| 008 | 200209t20091998ii 000 0 eng | ||
| 020 | _a8171110754 | ||
| 040 |
_aDLC _cCarP _dBD-DhUAP _bEng |
||
| 082 |
_223 _a345.54002632 GOU |
||
| 100 | _aGour, Hari Singh. | ||
| 245 | 1 | 4 |
_aDr. Hari Singh Gour's penal law of India / _cHari Singh Gour ; revided by A. B. Srivastava. |
| 250 | _a11th ed. | ||
| 260 |
_aAllahabad : _bLaw publishers pvt. ltd., _cc1998 [Reprinted 2009]. |
||
| 300 |
_avolumes ; _c25 cm. |
||
| 505 | _aV. 2-(secs. 120-A to 289). | ||
| 650 | 0 |
_aCriminal law _zIndia. |
|
| 650 | 0 |
_aCriminal procedure _zIndia. |
|
| 700 | _aSrivastava, A. B. | ||
| 942 |
_2ddc _cBK |
||